[Event "POL-chT2 South U19"]
[Site "Rudnik"]
[Date "2000.??.??"]
[Round "1.4"]
[White "Lasut, Lukasz"]
[Black "Kukielka, Maciej"]
[Result "1-0"]
[WhiteElo "1800"]
[BlackElo "1600"]
[PlyCount "61"]
[EventDate "2000.07.20"]
[EventType "team-swiss"]
[EventRounds "10"]
[EventCountry "POL"]
[SourceTitle "EXT 2005"]
[Source "ChessBase"]
[SourceDate "2004.11.15"]
[SourceVersion "1"]
[SourceVersionDate "2004.11.15"]
[SourceQuality "1"]
[WhiteTeam "Klodzko Sudety U19"]
[BlackTeam "POL-chT2 South U19 5"]
[WhiteTeamCountry "POL"]
[BlackTeamCountry "POL"]

1. d4 d5 2. Bg5 Nc6 3. e3 f6 4. Bf4 e5 5. dxe5 fxe5 6. Bg3 Nf6 7. Bb5 Bd6 8. Qe2 Bd7 9. Nc3 a6 10. Ba4 d4 11. exd4 Nxd4 12. Bxd7+ Qxd7 13. Qd3 0-0 14. 0-0-0 Rfe8 15. Nh3 Rad8 16. Rhe1 Nh5 17. Ng5 Qf5 18. Qxf5 Nxf5 19. Nf3 Nfxg3 20. hxg3 Bc5 21. Rxe5 Rxd1+ 22. Nxd1 Rxe5 23. Nxe5 Nf6 24. Nd3 Bb6 25. Nc3 Ng4 26. Ne4 Kf7 27. Kd2 Ke6 28. Ke2 Kf5 29. Nec5 Nf6 30. Nxb7 Ne4 31. Nd8 1-0